[Event "World Rapid 2019"]
[Site "Moscow RUS"]
[Date "2019.12.27"]
[Round "6.43"]
[White "Yanchenko, Roman"]
[Black "Alekseev, Evgeny"]
[Result "0-1"]
[WhiteTitle "FM"]
[BlackTitle "GM"]
[WhiteElo "2463"]
[BlackElo "2620"]
[WhiteFideId "4137329"]
[BlackFideId "4138147"]
[EventDate "2019.12.26"]

1. d4 Nf6 2. c4 e6 3. Nf3 d5 4. Nc3 Bb4 5. e3 O-O 6. Qc2 c5 7. a3 Bxc3+ 8. bxc3
Qc7 9. a4 b6 10. cxd5 exd5 11. Bd3 Nc6 12. Ba3 c4 13. Be2 Re8 14. Nd2 Bg4 15.
Bxg4 Nxg4 16. Qf5 Nf6 17. g4 Rad8 18. h4 Ne4 19. Nxe4 Rxe4 20. h5 Re6 21. h6 g6
22. Qf3 Qd7 23. Ra2 Na5 24. Kf1 Qxa4 25. Kg2 Qd7 26. g5 Nc6 27. Rh4 Ne7 28. e4
dxe4 29. Rxe4 Rxe4 30. Qxe4 Qd5 31. f3 Qxg5+ 32. Kf2 Nf5 33. Re2 Qg3+ 34. Kf1
Qh3+ 35. Ke1 Qh1+ 36. Kf2 Qh2+ 37. Ke1 Qh1+ 38. Kf2 Qh2+ 39. Ke1 Qb8 40. Qc6
Nxh6 41. Re5 Nf5 42. Qf6 Re8 43. f4 Qd8 44. Kd2 h5 45. Qc6 Ng7 46. Qxc4 h4 47.
Qf1 Qd7 48. Qh1 Qg4 49. Rxe8+ Nxe8 50. Qa8 Qxf4+ 51. Kc2 Qf5+ 52. Kb2 Qd7 53.
Qe4 h3 54. Qh4 Qb5+ 55. Kc2 Qe2+ 56. Kb3 h2 57. Qh6 Ng7 58. Bf8 Nf5 0-1

[Event "World Rapid 2019"]
[Site "Moscow RUS"]
[Date "2019.12.27"]
[Round "6.44"]
[White "Sadhwani, Raunak"]
[Black "Sasikiran, Krishnan"]
[Result "1/2-1/2"]
[WhiteTitle "IM"]
[BlackTitle "GM"]
[WhiteElo "2507"]
[BlackElo "2656"]
[WhiteFideId "35093487"]
[BlackFideId "5004985"]
[EventDate "2019.12.26"]

1. c4 g6 2. Nc3 c5 3. g3 Bg7 4. Bg2 Nc6 5. d3 d6 6. e4 e6 7. Nge2 Nge7 8. O-O
O-O 9. Be3 Nd4 10. Rb1 Nec6 11. a3 a5 12. Nb5 a4 13. Nexd4 Nxd4 14. Bxd4 Bxd4
15. Nxd4 cxd4 16. b4 axb3 17. Rxb3 Qa5 18. Qc1 Bd7 19. Qb2 Ba4 20. Rxb7 Qc3 21.
Qxc3 dxc3 22. Rc1 c2 23. Kf1 Rfb8 24. Rb4 e5 25. Ke2 Kf8 26. Kd2 Ke7 27. Kc3 Kd7
28. f4 f6 29. d4 Kc7 30. Bf1 Bc6 31. Rxb8 Rxb8 32. dxe5 fxe5 33. Bd3 Ra8 34. Kb2
Kb6 35. Bxc2 Kc5 36. fxe5 dxe5 37. Rf1 Kxc4 38. Rf7 Rb8+ 39. Kc1 Kd4 40. Rxh7
Ke3 41. Rh4 Rc8 42. Kb2 Kd2 43. Bb3 Rb8 44. Ka2 Kc3 45. g4 Bxe4 46. Rh7 Bd3 47.
Rc7+ Kd2 48. Rd7 e4 49. Bf7 Rb6 50. h4 Kc3 51. Rc7+ Kd2 52. Rd7 Rf6 53. Kb2 Rb6+
54. Ka2 1/2-1/2

[Event "World Rapid 2019"]
[Site "Moscow RUS"]
[Date "2019.12.27"]
[Round "6.45"]
[White "Anton Guijarro, David"]
[Black "Kezin, Roman"]
[Result "1-0"]
[WhiteTitle "GM"]
[BlackTitle "IM"]
[WhiteElo "2685"]
[BlackElo "2470"]
[WhiteFideId "2285525"]
[BlackFideId "24124621"]
[EventDate "2019.12.26"]

1. Nf3 d5 2. b3 Nf6 3. Bb2 e6 4. c4 Be7 5. g3 O-O 6. Bg2 c5 7. cxd5 Nxd5 8. O-O
Nc6 9. d4 cxd4 10. Nxd4 Bf6 11. Nxc6 bxc6 12. Bxf6 Qxf6 13. Nd2 Ba6 14. Ne4 Qe7
15. Rc1 Rfd8 16. Qd2 Bb5 17. a4 Nb4 18. Qe3 Ba6 19. Nc5 Bb7 20. a5 Rab8 21. Rc4
Nd5 22. Qc1 Bc8 23. Rd1 h6 24. Qd2 Bd7 25. e4 Nf6 26. Qd6 Qxd6 27. Rxd6 Be8 28.
Rxd8 Rxd8 29. Rb4 Nd7 30. Nxd7 Rxd7 31. Rb8 Kf8 32. e5 Rc7 33. f4 Ke7 34. Kf2
Bd7 35. Ke3 Bc8 36. Kd4 c5+ 37. Kc3 Kd7 38. Bf1 h5 39. Bb5+ Ke7 40. a6 f6 41. h4
Kf7 42. Bd3 Rc6 43. Ra8 Rc7 44. Be2 g6 45. Bc4 f5 46. Kb2 Ke7 47. Ka3 Kd7 48.
Bb5+ Ke7 49. Ka4 Kf7 50. Ka5 Ke7 51. Rb8 Kf7 52. Bf1 Ke7 53. Ra8 Kd7 54. Bg2 Ke7
55. Bb7 Bd7 56. Rxa7 c4 57. bxc4 Rxc4 58. Bf3 Rc3 59. Be2 Kd8 60. Bb5 Bxb5 61.
Kxb5 Rxg3 62. Rg7 Kc8 63. Rg8+ 1-0

[Event "World Rapid 2019"]
[Site "Moscow RUS"]
[Date "2019.12.27"]
[Round "6.46"]
[White "Inarkiev, Ernesto"]
[Black "Romanov, Evgeny"]
[Result "1-0"]
[WhiteTitle "GM"]
[BlackTitle "GM"]
[WhiteElo "2663"]
[BlackElo "2604"]
[WhiteFideId "4162722"]
[BlackFideId "4148843"]
[EventDate "2019.12.26"]

1. d4 Nf6 2. c4 e6 3. Nf3 b6 4. a3 Bb7 5. Nc3 g6 6. Qc2 Bg7 7. e4 O-O 8. Bd3 d6
9. O-O Nbd7 10. Re1 e5 11. d5 a5 12. Bd2 Nc5 13. b4 Nxd3 14. Qxd3 Nh5 15. g3 Bc8
16. c5 bxc5 17. bxc5 h6 18. Rac1 f5 19. Nh4 Qf6 20. exf5 gxf5 21. Nb5 Ba6 22. a4
f4 23. Kh1 fxg3 24. fxg3 Qf7 25. Ng2 Nf6 26. Ne3 Qh5 27. Rf1 Ng4 28. Qe2 Rxf1+
29. Rxf1 Nf6 30. Qxh5 Nxh5 31. Nxc7 Bxf1 32. Nxa8 Bh3 33. c6 e4 34. g4 1-0

[Event "World Rapid 2019"]
[Site "Moscow RUS"]
[Date "2019.12.27"]
[Round "6.47"]
[White "Bluebaum, Matthias"]
[Black "Socko, Bartosz"]
[Result "1-0"]
[WhiteTitle "GM"]
[BlackTitle "GM"]
[WhiteElo "2644"]
[BlackElo "2618"]
[WhiteFideId "24651516"]
[BlackFideId "1107038"]
[EventDate "2019.12.26"]

1. d4 Nf6 2. c4 g6 3. Nc3 d5 4. cxd5 Nxd5 5. e4 Nxc3 6. bxc3 Bg7 7. Bc4 c5 8.
Ne2 O-O 9. Be3 Nc6 10. Rc1 e6 11. h4 h5 12. Qd2 b6 13. g4 hxg4 14. h5 Na5 15.
Bd3 Bb7 16. hxg6 fxg6 17. Nf4 cxd4 18. cxd4 Rxf4 19. Bxf4 Qxd4 20. Bh6 Rd8 21.
Bxg7 Qxg7 22. Qg5 Rxd3 23. Rh6 Kf8 24. Rxg6 Rd1+ 25. Rxd1 Qc3+ 26. Qd2 Qxd2+ 27.
Rxd2 Kf7 28. Rxg4 Kf6 29. Rd7 Ke5 30. Rg5+ Kxe4 31. Rxa5 Bc6 32. Raxa7 1-0

[Event "World Rapid 2019"]
[Site "Moscow RUS"]
[Date "2019.12.27"]
[Round "6.49"]
[White "Piorun, Kacper"]
[Black "Timofeev, Artyom"]
[Result "1/2-1/2"]
[WhiteTitle "GM"]
[BlackTitle "GM"]
[WhiteElo "2611"]
[BlackElo "2588"]
[WhiteFideId "1130420"]
[BlackFideId "4140419"]
[EventDate "2019.12.26"]

1. c4 e6 2. d4 d5 3. Nc3 Be7 4. cxd5 exd5 5. Bf4 Nf6 6. e3 O-O 7. Bd3 c6 8. Qc2
a5 9. Nf3 Na6 10. a3 Nc7 11. h3 Ne6 12. Bh2 g6 13. O-O Ng7 14. Ne5 Bf5 15. Rab1
Bxd3 16. Nxd3 Bd6 17. Bxd6 Qxd6 18. b4 axb4 19. axb4 Ne6 20. Nc5 b5 21. Nd3 Nd7
22. Ra1 Nb6 23. Rfb1 Nc4 24. Qc1 Rfc8 25. Rxa8 Rxa8 26. Ra1 Qb8 27. Qb1 Ra7 28.
Rxa7 Qxa7 29. Qa2 Qxa2 30. Nxa2 Kf8 31. Kf1 Ke7 32. Ke2 Kd6 33. Nac1 h5 34. h4
Ng7 35. Nb3 Nf5 36. g3 Ne7 37. Kf3 f6 38. Nf4 Na3 39. Nc1 Nc2 40. Ncd3 Kd7 41.
g4 hxg4+ 42. Kxg4 Ke8 43. h5 gxh5+ 44. Nxh5 Kf7 45. Nhf4 Nc8 46. Kf3 Nd6 47. Ke2
Ne4 48. Kd1 Na3 49. Ke2 Nc4 50. Nc1 Ke7 51. Nb3 Nc3+ 52. Ke1 Nb2 53. Na5 Kd6 54.
Kd2 Ne4+ 55. Kc2 Nc4 56. Nd3 Na3+ 57. Kd1 Kc7 58. Nb3 Kd6 59. Na5 Kc7 60. Nb3
Kd6 61. Na5 1/2-1/2

[Event "World Rapid 2019"]
[Site "Moscow RUS"]
[Date "2019.12.27"]
[Round "6.50"]
[White "Cheparinov, Ivan"]
[Black "Sek, Konstantin"]
[Result "1-0"]
[WhiteTitle "GM"]
[WhiteElo "2687"]
[BlackElo "2446"]
[WhiteFideId "2905540"]
[BlackFideId "24104302"]
[EventDate "2019.12.26"]

1. Nf3 Nf6 2. c4 c5 3. Nc3 Nc6 4. e3 e6 5. d4 d5 6. cxd5 exd5 7. Bb5 cxd4 8.
Nxd4 Bd7 9. O-O Bd6 10. Nf3 a6 11. Bxc6 Bxc6 12. b3 O-O 13. Bb2 Re8 14. Qd4 Qe7
15. Rac1 Rad8 16. Rfd1 h6 17. Ne2 Ba3 18. Ng3 Bxb2 19. Qxb2 Ne4 20. Nf5 Qf8 21.
N3d4 Bd7 22. Rc7 Bxf5 23. Nxf5 g6 24. Nd4 Re7 25. Qc2 Rdd7 26. Rxd7 Rxd7 27. Rc1
Kh7 28. Qc8 Qxc8 29. Rxc8 Nd6 30. Rc5 Ne4 31. Rc2 Kg7 32. f3 Ng5 33. Kf2 Kf6 34.
Ke2 Ne6 35. Nxe6 fxe6 36. Rc8 e5 37. Kd3 d4 38. e4 g5 39. a4 h5 40. b4 g4 41.
Rc5 gxf3 42. gxf3 Rg7 43. f4 exf4 44. Rxh5 Rg1 45. Rf5+ Ke6 46. Kxd4 Rb1 47. Kc3
Rc1+ 48. Kd3 Rb1 49. b5 axb5 50. Rxb5 Rd1+ 51. Ke2 Rd4 52. Kf3 Rxa4 53. Kxf4 Ra2
54. Rb6+ Kf7 55. Rxb7+ Kg6 56. Rb6+ Kg7 57. h4 Rh2 58. Kg4 Rg2+ 59. Kf3 Rh2 60.
Kg3 Re2 61. Re6 Kf7 62. Re5 Kf6 63. Rf5+ Ke6 64. Kf3 Re1 65. h5 Rh1 66. Kg4 Re1
67. Kf4 Rh1 68. Kg5 Rg1+ 69. Kh6 Rg4 70. Rg5 Rxe4 71. Kg7 Ra4 72. h6 Ra7+ 73.
Kg6 Rf7 74. Re5+ 1-0

[Event "World Rapid 2019"]
[Site "Moscow RUS"]
[Date "2019.12.27"]
[Round "6.51"]
[White "Khusnutdinov, Rustam"]
[Black "Turov, Maxim"]
[Result "1-0"]
[WhiteTitle "GM"]
[BlackTitle "GM"]
[WhiteElo "2491"]
[BlackElo "2574"]
[WhiteFideId "13701703"]
[BlackFideId "4120086"]
[EventDate "2019.12.26"]

1. e4 c6 2. d4 d5 3. exd5 cxd5 4. Bd3 Nc6 5. c3 Nf6 6. Bf4 g6 7. Nd2 Bg7 8. Ngf3
O-O 9. h3 a6 10. Qc2 Nh5 11. Bh2 Bh6 12. O-O Nf4 13. Rfe1 Nxd3 14. Qxd3 Bf5 15.
Qe2 Rc8 16. Nb3 a5 17. g4 Bd7 18. Nc5 b6 19. Nb7 Qe8 20. Qa6 Ra8 21. Qxb6 Qc8
22. Nc5 Bg7 23. Qc7 Ra7 24. Qxc8 Rxc8 25. Ne5 Be8 26. Ned3 a4 27. Rad1 e6 28.
Re2 Na5 29. f4 Bb5 30. f5 exf5 31. gxf5 Nb7 32. Re3 Nxc5 33. Nxc5 Bf8 34. Be5
Bd7 35. Nxd7 Rxd7 36. b4 axb3 37. axb3 Bh6 38. Rf3 Ra7 39. b4 Ra2 40. Rb1 Bd2
41. b5 Ra7 42. b6 Rb7 43. Bc7 Kg7 44. Rb5 Rcxc7 45. bxc7 Rxc7 46. Rc5 Rd7 47.
Kf1 g5 48. Rc6 Bf4 49. Rf2 Ra7 50. Rb2 Ra1+ 51. Kg2 h5 52. Rc5 Rc1 53. Kf3 Rh1
54. Rb7 Rxh3+ 55. Kg2 g4 56. Rxd5 Rxc3 57. Rdd7 Rc2+ 58. Kf1 Kf6 59. Rxf7+ Kg5
60. f6 g3 61. Rg7+ Kh4 62. f7 Rf2+ 63. Ke1 Bd2+ 64. Kd1 Bc3 65. Rb3 Bxd4 66. Rb4
Kh3 67. Rxd4 h4 68. Rd8 g2 69. f8=Q Rxf8 70. Rxf8 Kh2 71. Rh8 h3 72. Kd2 1-0

[Event "World Rapid 2019"]
[Site "Moscow RUS"]
[Date "2019.12.27"]
[Round "6.52"]
[White "Adly, Ahmed"]
[Black "Sakaev, Konstantin"]
[Result "0-1"]
[WhiteTitle "GM"]
[BlackTitle "GM"]
[WhiteElo "2607"]
[BlackElo "2596"]
[WhiteFideId "10601619"]
[BlackFideId "4104226"]
[EventDate "2019.12.26"]

1. Nf3 d5 2. g3 Bg4 3. Bg2 e6 4. O-O Nf6 5. d3 Be7 6. h3 Bh5 7. Nbd2 c5 8. g4
Bg6 9. Ne5 Nbd7 10. Nxg6 hxg6 11. e4 Qc7 12. Qe2 dxe4 13. dxe4 Rd8 14. a4 Ne5
15. f4 Nc6 16. c3 Na5 17. Nc4 Nb3 18. e5 Nd5 19. Nd6+ Kf8 20. f5 Nxa1 21. fxe6
Rxd6 22. exd6 Qxd6 23. Qf3 Nf6 24. g5 Qxe6 25. gxf6 gxf6 26. Qxb7 Nb3 27. Bf4 c4
28. Kh2 Nc5 29. Qxa7 Nd3 30. Bg3 Bd6 31. Qd4 Bxg3+ 32. Kxg3 Kg7 33. b4 Rh5 34.
Kh2 Ne1 35. Rf4 Nxg2 36. Kxg2 Qxh3+ 37. Kf2 Qh2+ 38. Kf1 Qh1+ 39. Ke2 Re5+ 40.
Kf2 Qe1+ 41. Kg2 Rg5+ 42. Rg4 Rxg4+ 43. Qxg4 Qxc3 44. b5 Qb2+ 45. Kf3 c3 46. Qd4
Qb3 47. Qd3 Qxa4 48. Ke3 Qb3 49. Kd4 Qb4+ 50. Ke3 Qc5+ 0-1

[Event "World Rapid 2019"]
[Site "Moscow RUS"]
[Date "2019.12.27"]
[Round "6.53"]
[White "Potapov, Pavel"]
[Black "Demchenko, Anton"]
[Result "1/2-1/2"]
[WhiteTitle "GM"]
[BlackTitle "GM"]
[WhiteElo "2482"]
[BlackElo "2642"]
[WhiteFideId "4169786"]
[BlackFideId "4160258"]
[EventDate "2019.12.26"]

1. e4 c5 2. c3 Nf6 3. e5 Nd5 4. Nf3 d6 5. d4 cxd4 6. cxd4 dxe5 7. dxe5 Nc6 8.
Bc4 Nb6 9. Qxd8+ Nxd8 10. Bb5+ Bd7 11. Bxd7+ Nxd7 12. O-O e6 13. Nc3 a6 14. Rd1
Nc6 15. Bf4 h6 16. h4 Be7 17. Ne4 Nc5 18. Nxc5 Bxc5 19. Rac1 Be7 20. h5 Rd8 21.
a3 O-O 22. Kf1 f6 23. Rxd8 Bxd8 24. exf6 Bxf6 25. Rc2 Rd8 26. Ke2 Rd5 27. g4 Rb5
28. Bc1 Rb3 29. Rd2 Kf8 30. Rd3 Rb5 31. b3 Ke8 32. Bd2 Ne7 33. a4 Rc5 34. Bb4
Rc2+ 35. Rd2 Rc1 36. Rd1 Rc6 37. Rd6 Rc2+ 38. Rd2 Rc7 39. Bd6 Rc8 40. Bxe7 Kxe7
41. Ne1 Rc6 42. f3 Bc3 43. Rd3 Ba5 44. Kd1 Bxe1 45. Kxe1 Rb6 46. Ke2 e5 47. Ke3
Ke6 48. Rc3 Rb4 49. Rd3 Ke7 50. Rc3 Kd6 51. Rd3+ Ke6 52. Rc3 Kd6 1/2-1/2

[Event "World Rapid 2019"]
[Site "Moscow RUS"]
[Date "2019.12.27"]
[Round "6.54"]
[White "Gajewski, Grzegorz"]
[Black "Golubov, Saveliy"]
[Result "0-1"]
[WhiteTitle "GM"]
[BlackTitle "IM"]
[WhiteElo "2626"]
[BlackElo "2469"]
[WhiteFideId "1116207"]
[BlackFideId "24176729"]
[EventDate "2019.12.26"]

1. d4 Nf6 2. c4 e5 3. dxe5 Ng4 4. Nf3 Bc5 5. e3 Nc6 6. b3 O-O 7. Bb2 Re8 8. Be2
Ngxe5 9. Nxe5 Nxe5 10. O-O a5 11. Nc3 d6 12. Kh1 Qh4 13. Nd5 Re6 14. g3 Qd8 15.
f4 Nd7 16. f5 Rh6 17. e4 c6 18. Nf4 Qe7 19. Bf3 Ne5 20. Nd3 Be3 21. Qe2 Bg5 22.
Rad1 a4 23. Nxe5 dxe5 24. b4 a3 25. Bc3 Rd6 26. Rxd6 Qxd6 27. Rd1 Qe7 28. Qd3 g6
29. c5 Bf6 30. Kg2 h5 31. Kf2 Kg7 32. Qb1 Kg8 33. Rd6 Bd7 34. Qd3 Be8 35. Bd2
Rb8 36. Be3 h4 37. Qxa3 b6 38. Qd3 hxg3+ 39. hxg3 Bg5 40. f6 Bxf6 41. cxb6 Ra8
42. a3 Bg5 43. Bc5 Qb7 44. Qb3 Kh7 45. Rd1 Kg7 46. a4 Bd7 47. a5 Be6 48. Qc3 Rh8
49. Kg2 Bh3+ 50. Kg1 Bf6 51. Bd6 Re8 52. Qc4 Be6 53. Qe2 Bb3 54. Rb1 Ba4 55. Bc7
Ra8 56. Bg4 c5 57. bxc5 Rxa5 58. Qf3 Rxc5 59. Rf1 Rc6 60. Qf2 Bb5 61. Re1 Rc3
62. Kg2 Qc6 63. Kg1 Rc2 64. Qe3 Rc3 65. Qf2 Rc2 66. Qe3 Kg8 67. Be2 Be7 68. Bxb5
Qxb5 69. Kh1 Bc5 70. Qg5 Qb2 71. Qd8+ Kg7 72. Qh4 Rf2 73. b7 Qxb7 74. Bxe5+ f6
75. Bf4 g5 76. Bxg5 fxg5 77. Qxg5+ Kh8 78. Qd8+ Kg7 79. Qg5+ Kh8 80. Qd8+ Rf8
81. Qh4+ Qh7 82. Qxh7+ Kxh7 83. Kg2 Rf2+ 84. Kh3 Kg6 85. Kg4 Kf6 86. Rd1 Ke6 87.
Rd3 Bd6 88. Rb3 Ke5 89. Rd3 Rf6 90. Re3 Kd4 91. Rf3 Rg6+ 92. Kf5 Rg8 93. Rb3 Re8
94. Kg4 Kxe4 95. Kh3 Ra8 96. Kg2 Bc5 97. Kh3 Be3 98. Rb7 Rf8 99. Kg2 Kd3 100.
Rb3+ Ke2 101. Ra3 Rg8 102. Rb3 Rg7 103. Rb2+ Kd3 104. Rb3+ Ke4 105. Rb4+ Bd4
106. Rb3 Rf7 107. Ra3 Rf2+ 108. Kh3 Rb2 109. Kg4 Rh2 110. Rb3 Rh8 111. Ra3 Rg8+
112. Kh3 Bc5 113. Rb3 Bd6 114. Rc3 Kf5 115. Rb3 Rh8+ 116. Kg2 Be5 117. Rf3+ Kg4
118. Re3 Re8 119. Re4+ Kf5 120. Re3 Ra8 121. Rb3 Bd4 122. Kf3 Ra5 123. Rd3 Ra4
124. Rb3 Rc4 125. Ra3 Rc2 126. Ra5+ Bc5 127. g4+ Ke5 128. Ra4 Rc3+ 129. Kg2 Bd4
130. g5 Ke4 131. g6 Rc6 132. g7 Rg6+ 133. Kh3 Rxg7 134. Kh4 Rg1 135. Rb4 Ke5
136. Kh3 Be3 137. Rg4 Ra1 138. Kg2 Bf4 139. Rg8 Ke4 140. Re8+ Be5 141. Kf2 Ra2+
142. Ke1 Kd4 143. Kf1 Bf4 144. Re2 Bd2 145. Kg2 Kd3 146. Kf3 Ra4 147. Re8 Rf4+
148. Kg3 Be3 149. Ra8 Rf5 150. Ra3+ Ke2 151. Ra4 Rg5+ 152. Rg4 Rh5 153. Ra4 Bf2+
154. Kg2 Rg5+ 155. Kh3 Rg3+ 156. Kh2 Rg6 157. Ra3 Be3 158. Ra2+ Kf3 159. Kh1 Rd6 0-1

[Event "World Rapid 2019"]
[Site "Moscow RUS"]
[Date "2019.12.27"]
[Round "6.55"]
[White "Xu, Xiangyu"]
[Black "Alonso Rosell, Alvar"]
[Result "1/2-1/2"]
[WhiteTitle "GM"]
[BlackTitle "GM"]
[WhiteElo "2582"]
[BlackElo "2548"]
[WhiteFideId "8608288"]
[BlackFideId "2270544"]
[EventDate "2019.12.26"]

1. e4 c5 2. Nc3 d6 3. d4 cxd4 4. Qxd4 Nc6 5. Qd2 g6 6. b3 Bh6 7. f4 e5 8. Nb5
Bxf4 9. Qxd6 Qxd6 10. Nxd6+ Kf8 11. Bxf4 exf4 12. O-O-O Nf6 13. Nf3 Bg4 14. Bb5
Bxf3 15. gxf3 Ne5 16. Be2 Rb8 17. a4 Ke7 18. Rd2 Rhd8 19. Rhd1 Rd7 20. Nb5 Rxd2
21. Rxd2 a6 22. Nd4 Rc8 23. Kb2 Nfd7 24. a5 Nc5 25. c4 Ne6 26. Kc3 Nxd4 27. Rxd4
g5 28. b4 g4 29. Rd5 f6 30. fxg4 f3 31. Bf1 Nxg4 32. Bh3 f2 33. Rf5 Ne3 34. Rxf2
Rxc4+ 35. Kb3 Rxe4 36. Re2 Kd6 37. Bg2 Re7 38. Bxb7 Rxb7 39. Rxe3 Kd5 40. Rd3+
Ke5 41. Re3+ Kd5 42. Rd3+ Ke5 1/2-1/2

[Event "World Rapid 2019"]
[Site "Moscow RUS"]
[Date "2019.12.27"]
[Round "6.56"]
[White "Ivanisevic, Ivan"]
[Black "Can, Emre"]
[Result "1-0"]
[WhiteTitle "GM"]
[BlackTitle "GM"]
[WhiteElo "2593"]
[BlackElo "2600"]
[WhiteFideId "912417"]
[BlackFideId "6302181"]
[EventDate "2019.12.26"]

1. c4 e5 2. Nc3 Nc6 3. Nf3 g6 4. d4 exd4 5. Nd5 Bg7 6. Bg5 Nce7 7. Nxd4 c6 8.
Nc3 Nf6 9. e4 O-O 10. Qf3 Ng4 11. O-O-O Ne5 12. Qg3 c5 13. Ndb5 h6 14. Be3 a6
15. Nd6 Qa5 16. f4 N5c6 17. e5 b5 18. Kb1 f6 19. f5 Nxe5 20. fxg6 Rb8 21. Nd5
Nxd5 22. cxd5 f5 23. Bf4 Nxg6 24. Qxg6 Qa4 25. Bc4 Rf6 26. Qg3 bxc4 27. Be5 Kh7
28. Rhe1 Rg6 29. Qc3 Rb3 30. Qxc4 Rb4 31. Qc3 Rxg2 32. Bxg7 Rxg7 33. Ne8 Rd4 34.
Rxd4 cxd4 35. Qf3 Rg5 36. h4 Qb4 37. Qe2 Rg6 38. h5 Rb6 39. Rg1 Qf8 40. Qe5 d6
41. Qf6 1-0

[Event "World Rapid 2019"]
[Site "Moscow RUS"]
[Date "2019.12.27"]
[Round "6.57"]
[White "Grigoriants, Sergey"]
[Black "Dragnev, Valentin"]
[Result "1/2-1/2"]
[WhiteTitle "GM"]
[BlackTitle "GM"]
[WhiteElo "2542"]
[BlackElo "2553"]
[WhiteFideId "4130804"]
[BlackFideId "1634852"]
[EventDate "2019.12.26"]

1. e4 e5 2. Nf3 Nc6 3. Bb5 a6 4. Ba4 Nf6 5. Nc3 Bd6 6. O-O O-O 7. Re1 Re8 8. Bb3
Nd4 9. Nxd4 exd4 10. Nd5 c6 11. Nxf6+ Qxf6 12. d3 Bb4 13. Bd2 Bxd2 14. Qxd2 d6
15. f4 a5 16. a4 Be6 17. Bxe6 Rxe6 18. Qf2 1/2-1/2

[Event "World Rapid 2019"]
[Site "Moscow RUS"]
[Date "2019.12.27"]
[Round "6.58"]
[White "Vishnu Prasanna, V"]
[Black "Zvjaginsev, Vadim"]
[Result "0-1"]
[WhiteTitle "GM"]
[BlackTitle "GM"]
[WhiteElo "2493"]
[BlackElo "2627"]
[WhiteFideId "5030692"]
[BlackFideId "4113403"]
[EventDate "2019.12.26"]

1. d4 d5 2. c4 e6 3. Nc3 Nf6 4. Bg5 Be7 5. e3 O-O 6. Rc1 h6 7. Bh4 c5 8. cxd5
cxd4 9. exd4 Nxd5 10. Bxe7 Qxe7 11. Nf3 Nc6 12. Bb5 Nxc3 13. bxc3 e5 14. O-O
exd4 15. cxd4 Bg4 16. Bxc6 bxc6 17. Rxc6 Rad8 18. d5 Qe4 19. Rc5 Be6 20. Re1
Rxd5 21. Qc1 Qa4 22. Rc3 Rfd8 23. Ra3 Qd7 24. h3 Rd1 25. Qe3 Rxe1+ 26. Nxe1 Qd2
27. Rxa7 Qxe3 28. fxe3 Rd1 29. Kf2 Rd2+ 30. Kg3 Bxa2 31. Nf3 Re2 32. Ra3 Bd5 33.
h4 g6 34. Rd3 Be4 35. Rc3 Kg7 36. Kf4 Bd5 37. g4 Rg2 38. e4 Be6 39. g5 Rg4+ 40.
Ke5 hxg5 41. Nxg5 Ba2 42. Nf3 f6+ 43. Kd4 Bb1 44. Nd2 Bxe4 45. Nxe4 f5 46. Rc7+
Kh6 47. Ke5 Rxe4+ 48. Kf6 Ra4 49. Rc8 Ra6+ 50. Ke5 Kh5 51. Rh8+ Kg4 52. h5 g5
53. h6 f4 54. h7 Rh6 55. Ke4 Re6+ 56. Kd3 Re7 57. Kd2 f3 58. Kd1 Kg3 0-1

[Event "World Rapid 2019"]
[Site "Moscow RUS"]
[Date "2019.12.27"]
[Round "6.59"]
[White "Khanin, Semen"]
[Black "Pogosyan, Stefan"]
[Result "1/2-1/2"]
[WhiteTitle "IM"]
[BlackTitle "IM"]
[WhiteElo "2500"]
[BlackElo "2459"]
[WhiteFideId "4111990"]
[BlackFideId "34159867"]
[EventDate "2019.12.26"]

1. e4 e5 2. Nf3 Nc6 3. Bb5 a6 4. Ba4 b5 5. Bb3 Na5 6. O-O d6 7. Re1 Nf6 8. d4
Nxb3 9. axb3 exd4 10. Nxd4 Bb7 11. Nc3 Be7 12. Nf5 O-O 13. Qf3 Nd7 14. Qg3 g6
15. Nxe7+ Qxe7 16. Bg5 Qe5 17. Bf4 Qf6 18. Rad1 Rfe8 19. b4 Qe6 20. b3 Nf6 21.
Qh4 Nh5 22. Be3 Qf6 23. Qxf6 Nxf6 24. f3 Nd7 25. Bd4 Re7 26. Kf2 Rae8 27. Be3 f6
28. Ra1 Kf7 29. Nd5 Bxd5 30. exd5 Nb6 31. Rxa6 Nxd5 32. Bd2 Rxe1 33. Bxe1 Ke6
34. Ra5 Rb8 35. Bd2 Ne7 36. Ra7 Kd7 37. Ra1 Nd5 38. Ke2 Re8+ 39. Kd3 h5 40. c4
bxc4+ 41. bxc4 Ne7 42. b5 Rb8 43. Bc3 f5 44. h4 d5 45. Bd4 dxc4+ 46. Kxc4 Nc8
47. Bc5 c6 48. bxc6+ Kc7 49. Re1 Rb2 50. Re6 Rxg2 51. Bd4 Rc2+ 52. Kd5 Nb6+ 53.
Bxb6+ Kxb6 54. Rxg6 Rc5+ 55. Kd4 Ra5 56. f4 Kc7 57. Rh6 Rb5 58. Re6 Ra5 59. Re5
Ra4+ 60. Ke3 Ra3+ 61. Kf2 Ra2+ 62. Kf3 Ra3+ 63. Ke2 Ra2+ 64. Ke3 Ra3+ 65. Kd4
Ra4+ 66. Kd5 Rxf4 67. Re7+ Kc8 68. Re8+ 1/2-1/2

[Event "World Rapid 2019"]
[Site "Moscow RUS"]
[Date "2019.12.27"]
[Round "6.60"]
[White "Perunovic, Milos"]
[Black "Tsoi, Dmitry"]
[Result "1/2-1/2"]
[WhiteTitle "GM"]
[BlackTitle "FM"]
[WhiteElo "2589"]
[BlackElo "2321"]
[WhiteFideId "921629"]
[BlackFideId "24194697"]
[EventDate "2019.12.26"]

1. e4 d6 2. d4 Nf6 3. Nc3 e5 4. Nf3 Nbd7 5. Bc4 Be7 6. a4 O-O 7. O-O c6 8. h3 b6
9. Ba2 a6 10. Re1 Rb8 11. d5 Bb7 12. dxc6 Bxc6 13. Bg5 b5 14. axb5 axb5 15. Bxf6
Nxf6 16. Nd5 Qd7 17. Nxf6+ Bxf6 18. Bd5 Rfc8 19. Re2 Bd8 20. Rd2 Qe7 21. g3 g6
22. Kg2 Kg7 23. h4 h6 24. Ra6 Rb6 25. Rxb6 Bxb6 26. Bxc6 Rxc6 27. Qe2 Rc5 28.
Qd3 Bc7 29. Nh2 Qe6 30. Nf1 Rc4 31. c3 b4 32. Ne3 bxc3 33. bxc3 Ra4 34. Nd5 Bd8
35. Qf3 h5 36. Rb2 Qc8 37. Rb4 Ra7 38. Qe2 Ra1 39. Qb2 Qa6 40. c4 Re1 41. Ne3
Qc6 42. Qc2 f5 43. c5 dxc5 44. Rc4 Bf6 45. Rxc5 Qxe4+ 46. Qxe4 fxe4 47. Rc7+ Kh6
48. Rc6 Kg7 49. Rc7+ Kh6 50. Nd5 Bg7 51. Rc6 Kh7 52. Rc7 Kh6 53. Ne3 Bf6 54. Rc6
Kg7 55. Nd5 Bd8 56. Rd6 Ba5 57. Rd7+ Kf8 58. Ra7 Bd2 59. Ne7 Kf7 60. Nc6+ Kf6
61. Nd8 g5 62. Ra6+ Kf5 63. Nc6 e3 64. Ne7+ Ke4 65. Ra4+ Kd3 66. Ra3+ Ke2 67.
fxe3 gxh4 68. Nf5 hxg3 69. Nxg3+ Kd1 70. Ra1+ Kc2 71. Rxe1 Bxe1 72. Nxh5 e4 73.
Nf6 Bd2 74. Nxe4 Bxe3 1/2-1/2

[Event "World Rapid 2019"]
[Site "Moscow RUS"]
[Date "2019.12.27"]
[Round "6.61"]
[White "Kazakouski, Valery"]
[Black "Moiseenko, Vadim"]
[Result "0-1"]
[WhiteTitle "IM"]
[BlackTitle "GM"]
[WhiteElo "2485"]
[BlackElo "2526"]
[WhiteFideId "13507443"]
[BlackFideId "4123700"]
[EventDate "2019.12.26"]

1. d4 Nf6 2. Nf3 g6 3. c4 Bg7 4. g3 O-O 5. Bg2 d6 6. O-O c5 7. dxc5 dxc5 8. Ne5
Nfd7 9. Nxd7 Nxd7 10. Qb3 Qa5 11. Bd2 Qa6 12. Nc3 Ne5 13. Nd5 Qd6 14. Bf4 e6 15.
Nc3 Qd4 16. Nb5 Qxc4 17. Rac1 Qxb3 18. axb3 Bd7 19. Nd6 Bc6 20. Rxc5 Nd7 21. Rc2
Bxg2 22. Kxg2 b6 23. Rd1 Nc5 24. b4 Na4 25. b3 Nc3 26. Rdc1 Nd5 27. Bd2 Rfd8 28.
Nc4 Bf8 29. b5 Nc7 30. Bg5 Rd5 31. h4 Nxb5 32. Ne3 Rc5 33. Rxc5 Bxc5 34. Rd1 Nd6
35. Ng4 a5 36. Bf4 Ne8 37. Rd7 Bf8 38. Ne5 f6 39. Nc4 b5 40. Nb6 Ra6 41. Rb7 a4
42. bxa4 bxa4 43. Rb8 a3 44. Bc1 Bd6 45. Rxe8+ Kf7 46. Rc8 a2 47. Bb2 Rxb6 48.
Bc3 Ra6 49. Rd8 Be5 0-1